书目信息 |
| 题名: |
终极理论
|
|
| 作者: | 麦克卡森 著 ;伍义生 , 杨晓冬 , 谢琳琳 译 | |
| 分册: | ||
| 出版信息: | 重庆 重庆出版社 2009.03 |
|
| 页数: | 331页 | |
| 开本: | 24cm | |
| 丛书名: | 科学可以这样看丛书 | |
| 单 册: | ||
| 中图分类: | N0 | |
| 科图分类: | ||
| 主题词: | 自然科学理论--zi ran ke xue li lun--普及读物 | |
| 电子资源: | ||
| ISBN: | 978-7-229-00267-1 | |
| 000 | 01322nam 2200301 450 | |
| 001 | 012010205798 | |
| 005 | 20100624144355.42 | |
| 010 | @a978-7-229-00267-1@dCNY45.00 | |
| 100 | @a20100624d2009 em y0chiy0120 ea | |
| 101 | 1 | @achi@ceng |
| 102 | @aCN@b500000 | |
| 105 | @aa z 000yy | |
| 106 | @ar | |
| 200 | 1 | @a终极理论@Azhong ji li lun@e反思我们的科学遗产@f(加) 马克·麦克卡森著@F(jia)ma ke·mai ke ka sen zhu@g伍义生, 杨晓冬, 谢琳琳译@Gwu yi sheng,yang xiao dong,xie lin lin yi |
| 210 | @a重庆@c重庆出版社@d2009.03 | |
| 215 | @a331页@c图@d24cm | |
| 225 | 2 | @a科学可以这样看丛书@Ake xue ke yi zhe yang kan cong shu |
| 330 | @a本书讲述了重力是什么?贴在电冰箱上的磁铁怎么能永无止境地抵抗重力呢?光进入水或玻璃时会减慢(引起它弯曲),但是当光离开水或玻璃时怎么会回到原来的速度呢? 这些问题仅是本书彻底揭露的在今天的科学中所隐藏的很多缺陷中的冰山一角,而这只是故事的一半。 | |
| 410 | 0 | @12001 @a科学可以这样看丛书 |
| 517 | 1 | @a反思我们的科学遗产@Afan si wo men de ke xue yi chan |
| 606 | 0 | @a自然科学理论@Azi ran ke xue li lun@j普及读物 |
| 690 | @aN0@v4 | |
| 701 | 1 | @a麦克卡森@Amai ke ka sen@g(McCutcheon, Mark)@4著 |
| 702 | 0 | @a伍义生@Awu yi sheng@4译 |
| 702 | 0 | @a杨晓冬@Ayang xiao dong@4译 |
| 702 | 0 | @a谢琳琳@Axie lin lin@4译 |
| 801 | 0 | @aCN@bQSSK@c20100624 |
| 905 | @b782509-11@dN0@eM283@f3 | |
| 终极理论:反思我们的科学遗产/(加) 马克·麦克卡森著/伍义生, 杨晓冬, 谢琳琳译.-重庆:重庆出版社,2009.03 |
| 331页:图;24cm.-(科学可以这样看丛书) |
| ISBN 978-7-229-00267-1:CNY45.00 |
| 本书讲述了重力是什么?贴在电冰箱上的磁铁怎么能永无止境地抵抗重力呢?光进入水或玻璃时会减慢(引起它弯曲),但是当光离开水或玻璃时怎么会回到原来的速度呢? 这些问题仅是本书彻底揭露的在今天的科学中所隐藏的很多缺陷中的冰山一角,而这只是故事的一半。 |
| ● |
| 相关链接 |
|
|
|
正题名:终极理论
索取号:N0/M283
 
预约/预借
| 序号 | 登录号 | 条形码 | 馆藏地/架位号 | 状态 | 备注 |
| 1 | 782509 | 207825095 | 自科库401/401自科库 136排2列2层/ [索取号:N0/M283] | 在馆 | |
| 2 | 782510 | 207825102 | 期刊室512/401自科库 133排1列6层/ [索取号:N0/M283] | 在馆 | |
| 3 | 782511 | 207825111 | 期刊室512/401自科库 133排1列6层/ [索取号:N0/M283] | 在馆 |